[Event "BI-2011-F-00003"]
[Site "LSS email"]
[Date "2012.02.12"]
[Round "?"]
[White "Ziljbershtejn, Dmitrij"]
[Black "Kuhne, Detlev"]
[Result "0-1"]
[WhiteElo "1824"]
[BlackElo "2312"]
[PlyCount "102"]
[EventDate "2012.02.15"]
[EventType "tourn (corr)"]
[EventRounds "10"]
[EventCountry "GER"]
[SourceTitle "Telechess CBM 165"]
[Source "ChessBase"]
[SourceDate "2015.03.11"]
[SourceVersion "1"]
[SourceVersionDate "2015.03.11"]
[SourceQuality "1"]

1. d4 Nf6 2. c4 e6 3. Nf3 d5 4. Nc3 c6 5. e3 Nbd7 6. Qc2 Bd6 7. Bd3 0-0 8. 0-0 dxc4 9. Bxc4 a6 10. Rd1 b5 11. Bd3 Bb7 12. e4 e5 13. h3 Qc7 14. Be3 Rfd8 15. Rac1 Rac8 16. dxe5 Nxe5 17. Nh4 Nxd3 18. Rxd3 c5 19. Nf5 Nxe4 20. Nxd6 Nxd6 21. Nd5 Bxd5 22. Rxd5 c4 23. b3 Qe7 24. Qb1 h6 25. Rcd1 c3 26. Bc5 Qe2 27. Re1 c2 28. Qc1 Qxe1+ 29. Qxe1 Ne4 30. Ba3 Rxd5 31. Qxe4 c1Q+ 32. Bxc1 Rxc1+ 33. Kh2 Rd8 34. a4 g6 35. g4 Rc3 36. axb5 axb5 37. b4 Rc4 38. Qe7 Rd5 39. Kg3 Rc3+ 40. Kg2 Rc2 41. Qe8+ Kg7 42. Kg3 Rd3+ 43. Kg2 Rdd2 44. Qxb5 Rxf2+ 45. Kg3 Rfe2 46. Kf3 Rh2 47. Kg3 Rcg2+ 48. Kf3 Ra2 49. Ke4 Rxh3 50. Qe5+ Kh7 51. Kd4 Ra7 0-1

[Event "BI-2011-F-00003"]
[Site "LSS email"]
[Date "2012.02.12"]
[Round "?"]
[White "Ziljbershtejn, Dmitrij"]
[Black "Simal Moreira, Leonardo"]
[Result "1/2-1/2"]
[WhiteElo "1824"]
[BlackElo "2195"]
[PlyCount "112"]
[EventDate "2012.02.15"]
[EventType "tourn (corr)"]
[EventRounds "10"]
[EventCountry "GER"]
[SourceTitle "Telechess CBM 165"]
[Source "ChessBase"]
[SourceDate "2015.03.11"]
[SourceVersion "1"]
[SourceVersionDate "2015.03.11"]
[SourceQuality "1"]

1. d4 Nf6 2. c4 e6 3. Nf3 a6 4. Nc3 d5 5. cxd5 exd5 6. Bg5 Be6 7. e3 Nbd7 8. Bf4 Nh5 9. Be5 Be7 10. Bd3 0-0 11. 0-0 Nxe5 12. Nxe5 Nf6 13. f4 c5 14. Qf3 cxd4 15. exd4 Qb6 16. Qf2 Rad8 17. Rfe1 Ne4 18. Bxe4 dxe4 19. Rxe4 f5 20. Re2 Rxd4 21. Rae1 Bc5 22. Kh1 Rd6 23. Qg3 Qd8 24. a3 b5 25. h3 Bb6 26. Kh2 Qf6 27. Rd1 Rxd1 28. Nxd1 Rd8 29. Ne3 h6 30. Nc6 Rd6 31. Qf3 Kh7 32. Ne5 Qh4 33. Qf1 a5 34. Qf3 a4 35. g3 Qf6 36. Kg2 Bc5 37. Kh2 Bd4 38. g4 Bxe5 39. Nxf5 Bxf4+ 40. Qxf4 Rd3 41. h4 Bxf5 42. Qxf5+ Qxf5 43. gxf5 Rf3 44. Rd2 Rb3 45. Rg2 h5 46. Re2 Kg8 47. Rd2 b4 48. axb4 Rxb4 49. Kg3 Kf7 50. Rd7+ Kf6 51. Ra7 Kxf5 52. Rxg7 Rb3+ 53. Kg2 Ke4 54. Rg5 Rxb2+ 55. Kh3 Rb3+ 56. Kg2 Rb2+ 1/2-1/2

[Event "CP-2011-P-00016"]
[Site "LSS email"]
[Date "2011.09.30"]
[Round "?"]
[White "Andraschko, Felix"]
[Black "Ziljbershtejn, Dmitrij"]
[Result "1-0"]
[WhiteElo "2181"]
[BlackElo "1797"]
[PlyCount "77"]
[EventDate "2011.10.01"]
[EventType "tourn (corr)"]
[EventRounds "6"]
[EventCountry "GER"]
[SourceTitle "Corr 2015"]
[Source "ChessBase"]
[SourceDate "2015.07.17"]
[SourceVersion "1"]
[SourceVersionDate "2015.07.17"]
[SourceQuality "1"]

1. Nf3 d5 2. d4 Nf6 3. c4 c6 4. Nc3 e6 5. e3 Nbd7 6. Qc2 Bd6 7. b3 0-0 8. Be2 b6 9. 0-0 Bb7 10. Bb2 Qe7 11. Rad1 h6 12. e4 Nxe4 13. Nxe4 dxe4 14. Qxe4 Nf6 15. Qh4 Rfd8 16. Bd3 Nd7 17. Qh3 a5 18. Bc2 Ba3 19. Ba1 Bb4 20. Rd3 f6 21. Re3 Nf8 22. Ne1 Bd6 23. Nd3 Bc8 24. f4 Ra7 25. Qg3 Kh8 26. a4 Qc7 27. Rfe1 c5 28. dxc5 bxc5 29. Bc3 Ra6 30. Kh1 Rd7 31. Qh4 Rf7 32. Qh5 Bb7 33. Kg1 Ba8 34. Rh3 Kg8 35. Rg3 Kh8 36. Qg4 Qd8 37. Ree3 Qd7 38. Qh5 Ra7 39. Nxc5 1-0

[Event "CP-2011-P-00016"]
[Site "LSS email"]
[Date "2011.09.30"]
[Round "?"]
[White "Yloenen, Olli"]
[Black "Ziljbershtejn, Dmitrij"]
[Result "1/2-1/2"]
[WhiteElo "1156"]
[BlackElo "1797"]
[PlyCount "68"]
[EventDate "2011.10.01"]
[EventType "tourn (corr)"]
[EventRounds "6"]
[EventCountry "GER"]
[SourceTitle "Corr 2015"]
[Source "ChessBase"]
[SourceDate "2015.07.17"]
[SourceVersion "1"]
[SourceVersionDate "2015.07.17"]
[SourceQuality "1"]

1. e4 c5 2. Nf3 d6 3. d4 cxd4 4. Nxd4 Nf6 5. Nc3 a6 6. Bg5 e6 7. f4 Qb6 8. Qd2 Qxb2 9. Rb1 Qa3 10. e5 h6 11. Bh4 Nfd7 12. Be2 g5 13. fxg5 hxg5 14. Rb3 Qa5 15. Qxg5 Nxe5 16. 0-0 Nbc6 17. Nxc6 Nxc6 18. Qf4 Qc5+ 19. Kh1 Qf5 20. Qxf5 exf5 21. Bf6 Rh6 22. Nd5 Rb8 23. c4 Be6 24. Rb6 Ne5 25. Nc7+ Kd7 26. Nxa6 Rxf6 27. Nxb8+ Kc7 28. Rfb1 Bc8 29. c5 Re6 30. c6 bxc6 31. Ba6 d5 32. Bxc8 Kxc8 33. a4 c5 34. Na6 Bd6 1/2-1/2

[Event "CP-2011-P-00016"]
[Site "LSS email"]
[Date "2011.09.30"]
[Round "?"]
[White "Ziljbershtejn, Dmitrij"]
[Black "Tylecek, Drahomir"]
[Result "1-0"]
[WhiteElo "1797"]
[BlackElo "2048"]
[PlyCount "61"]
[EventDate "2011.10.01"]
[EventType "tourn (corr)"]
[EventRounds "6"]
[EventCountry "GER"]
[SourceTitle "Corr 2015"]
[Source "ChessBase"]
[SourceDate "2015.07.17"]
[SourceVersion "1"]
[SourceVersionDate "2015.07.17"]
[SourceQuality "1"]

1. d4 Nf6 2. c4 g6 3. Nc3 d5 4. cxd5 Nxd5 5. e4 Nxc3 6. bxc3 Bg7 7. Nf3 0-0 8. Be3 c5 9. Rb1 Nc6 10. Qd2 Bg4 11. d5 Bxf3 12. gxf3 Ne5 13. Be2 Qa5 14. 0-0 Rab8 15. f4 Nd7 16. e5 b5 17. Rfd1 Rfd8 18. Qc2 c4 19. a4 bxa4 20. Bxc4 Rxb1 21. Rxb1 a3 22. Ba2 g5 23. Qf5 gxf4 24. Bd4 Qa4 25. e6 Bxd4 26. d6 Kh8 27. dxe7 Rg8+ 28. Kh1 Qc6+ 29. Bd5 fxe6 30. Bxc6 exf5 31. cxd4 1-0

[Event "LSS No Engine Cup 27 Final"]
[Site "LSS email"]
[Date "2011.04.24"]
[Round "?"]
[White "Stadler, Pavel"]
[Black "Ziljbershtejn, Dmitrij"]
[Result "0-1"]
[WhiteElo "1261"]
[BlackElo "1802"]
[PlyCount "90"]
[EventDate "2011.04.25"]
[EventType "tourn (corr)"]
[EventRounds "6"]
[EventCountry "GER"]
[SourceTitle "Telechess CBM 157"]
[Source "ChessBase"]
[SourceDate "2013.11.12"]
[SourceVersion "1"]
[SourceVersionDate "2013.11.12"]
[SourceQuality "1"]

1. e4 c5 2. Nf3 d6 3. d4 cxd4 4. Nxd4 Nf6 5. f3 Nc6 6. Nxc6 bxc6 7. c4 g6 8. Nc3 Bg7 9. Be3 0-0 10. Be2 Nd7 11. Rc1 Rb8 12. b3 Qa5 13. Qd2 Rd8 14. 0-0 Nc5 15. Rfd1 Bd7 16. Bd4 Bxd4+ 17. Qxd4 Qb6 18. f4 a5 19. Bf3 a4 20. bxa4 Ra8 21. Rb1 Qa6 22. e5 Bf5 23. Rb4 Qa5 24. a3 Bc2 25. Bxc6 Bxd1 26. Bxa8 dxe5 27. Qe3 Nd3 28. Bd5 Nxb4 29. axb4 Qxb4 30. Nxd1 e6 31. Bf3 exf4 32. Qe5 Qxa4 33. Qxf4 Rxd1+ 34. Bxd1 Qxd1+ 35. Kf2 Qc2+ 36. Kg3 Qc3+ 37. Kf2 Qc2+ 38. Kg3 Qd3+ 39. Kh4 Qe2 40. Kg3 e5 41. Qc1 f5 42. h3 f4+ 43. Kh2 f3 44. Qg5 Kf7 45. c5 Qxg2+ 0-1

[Event "LSS No Engine Cup 27 Final"]
[Site "LSS email"]
[Date "2011.04.24"]
[Round "?"]
[White "Ziljbershtejn, Dmitrij"]
[Black "Kelemen, Gyorgy"]
[Result "1-0"]
[WhiteElo "1802"]
[BlackElo "1909"]
[PlyCount "67"]
[EventDate "2011.04.25"]
[EventType "tourn (corr)"]
[EventRounds "6"]
[EventCountry "GER"]
[SourceTitle "Telechess CBM 157"]
[Source "ChessBase"]
[SourceDate "2013.11.12"]
[SourceVersion "1"]
[SourceVersionDate "2013.11.12"]
[SourceQuality "1"]

1. d4 Nf6 2. Nf3 e6 3. c4 d5 4. Bg5 Be7 5. Nc3 h6 6. Bh4 0-0 7. e3 c5 8. dxc5 Bxc5 9. Qc2 Nc6 10. Rd1 g5 11. Bg3 Qe7 12. Be2 Bb4 13. 0-0 Bxc3 14. Qxc3 Ne4 15. Qb3 Na5 16. Qc2 Nxg3 17. hxg3 Nxc4 18. Bxc4 dxc4 19. Ne5 Qc5 20. f4 Qxe3+ 21. Kh2 Qc5 22. Nxf7 Kxf7 23. Qh7+ Ke8 24. fxg5 Rf5 25. Rxf5 Qxf5 26. Qh8+ Ke7 27. Qxh6 e5 28. Qd6+ Kf7 29. Qc7+ Kg6 30. Rd8 Be6 31. Rxa8 Qxg5 32. Rh8 e4 33. Qh7+ Kf6 34. Qxe4 1-0

[Event "BI-2011-P-00035"]
[Site "LSS email"]
[Date "2011.04.17"]
[Round "?"]
[White "Roques, Pascal"]
[Black "Ziljbershtejn, Dmitrij"]
[Result "1/2-1/2"]
[WhiteElo "2224"]
[BlackElo "1779"]
[PlyCount "76"]
[EventDate "2011.04.20"]
[EventType "tourn (corr)"]
[EventRounds "10"]
[EventCountry "GER"]
[SourceTitle "Telechess CBM 151"]
[Source "ChessBase"]
[SourceDate "2012.11.13"]
[SourceVersion "1"]
[SourceVersionDate "2012.11.13"]
[SourceQuality "1"]

1. e4 c5 2. Nf3 d6 3. d4 cxd4 4. Nxd4 Nf6 5. Nc3 a6 6. Be3 e6 7. Be2 Be7 8. a4 Nc6 9. 0-0 0-0 10. f4 Qc7 11. Kh1 Bd7 12. Nb3 Nb4 13. a5 Rac8 14. Qd2 e5 15. Nc1 Bc6 16. Nd3 Nxd3 17. Qxd3 Qd7 18. Bf3 Rfe8 19. f5 Bb5 20. Nxb5 Qxb5 21. Qxb5 axb5 22. c3 d5 23. exd5 e4 24. Be2 Nxd5 25. Bg1 b4 26. c4 Nf6 27. Rfd1 h5 28. h3 Bc5 29. Bxc5 Rxc5 30. Ra4 Rxf5 31. Rxb4 Rxa5 32. Rxb7 g6 33. Kg1 h4 34. Rb5 Rxb5 35. cxb5 Kf8 36. Rd4 Ke7 37. Bc4 Rg8 38. Kf2 g5 1/2-1/2

[Event "BI-2011-P-00035"]
[Site "LSS email"]
[Date "2011.04.17"]
[Round "?"]
[White "Ziljbershtejn, Dmitrij"]
[Black "Jostov, Keylah"]
[Result "1-0"]
[WhiteElo "1779"]
[BlackElo "1138"]
[PlyCount "63"]
[EventDate "2011.04.20"]
[EventType "tourn (corr)"]
[EventRounds "10"]
[EventCountry "GER"]
[SourceTitle "Telechess CBM 151"]
[Source "ChessBase"]
[SourceDate "2012.11.13"]
[SourceVersion "1"]
[SourceVersionDate "2012.11.13"]
[SourceQuality "1"]

1. d4 d5 2. Nf3 Nf6 3. c4 e6 4. Bg5 Bb4+ 5. Nbd2 dxc4 6. Qa4+ Nc6 7. a3 Bxd2+ 8. Bxd2 Qd5 9. Qc2 0-0 10. e3 b5 11. a4 e5 12. axb5 Nxd4 13. exd4 exd4 14. Bxc4 Re8+ 15. Be3 Bf5 16. Bxd5 Bxc2 17. Bxa8 dxe3 18. Bc6 exf2+ 19. Kxf2 Rf8 20. Rxa7 Ng4+ 21. Kg3 f5 22. Rxc7 h5 23. Bd5+ Kh8 24. Rxc2 f4+ 25. Kh4 Ne3 26. Rd2 g6 27. Ra1 Nf5+ 28. Kg5 Ne3 29. Ra8 Rxa8 30. Bxa8 Nf5 31. Kxg6 Ne3 32. Rd8# 1-0

[Event "BI-2011-P-00035"]
[Site "LSS email"]
[Date "2011.04.17"]
[Round "?"]
[White "Ziljbershtejn, Dmitrij"]
[Black "Malmstroem, Jan"]
[Result "1-0"]
[WhiteElo "1779"]
[BlackElo "1800"]
[PlyCount "87"]
[EventDate "2011.04.20"]
[EventType "tourn (corr)"]
[EventRounds "10"]
[EventCountry "GER"]
[SourceTitle "Telechess CBM 151"]
[Source "ChessBase"]
[SourceDate "2012.11.13"]
[SourceVersion "1"]
[SourceVersionDate "2012.11.13"]
[SourceQuality "1"]

1. d4 d5 2. Nf3 Nf6 3. c4 e6 4. Bg5 Be7 5. Nc3 0-0 6. e3 Nbd7 7. Rc1 h6 8. Bh4 c5 9. cxd5 exd5 10. dxc5 g5 11. Bg3 Nxc5 12. Bd3 Nfe4 13. 0-0 Bf5 14. Bb1 Nxc3 15. Rxc3 Bxb1 16. Qxb1 Ne4 17. Rd3 Qd7 18. Rfd1 Rad8 19. Rxd5 Qxd5 20. Rxd5 Rxd5 21. Be5 Nd2 22. Nxd2 Rxe5 23. g3 Rd8 24. Nc4 Red5 25. Qe4 Bf6 26. a4 Kg7 27. Kg2 R5d7 28. Qf5 Rd5 29. Qf3 Rc5 30. b3 b5 31. axb5 Rxb5 32. e4 Bd4 33. h4 gxh4 34. e5 Rbd5 35. Qf6+ Kg8 36. Qxh4 h5 37. Qxh5 Kf8 38. f4 Ke7 39. Qg5+ Ke8 40. Qg8+ Ke7 41. Qg7 R8d7 42. Qf6+ Ke8 43. Qh8+ Ke7 44. f5 1-0

[Event "BI-2011-P-00035"]
[Site "LSS email"]
[Date "2011.04.17"]
[Round "?"]
[White "Ziljbershtejn, Dmitrij"]
[Black "Neil, Charles"]
[Result "1-0"]
[WhiteElo "1779"]
[BlackElo "569"]
[PlyCount "33"]
[EventDate "2011.04.20"]
[EventType "tourn (corr)"]
[EventRounds "10"]
[EventCountry "GER"]
[SourceTitle "Corr 2015"]
[Source "ChessBase"]
[SourceDate "2015.07.17"]
[SourceVersion "1"]
[SourceVersionDate "2015.07.17"]
[SourceQuality "1"]

1. d4 Nf6 2. c4 e6 3. Nf3 d5 4. Bg5 Be7 5. Nc3 0-0 6. e3 Nbd7 7. Rc1 c6 8. Bd3 h6 9. Bh4 Re8 10. 0-0 dxc4 11. Bxc4 Nd5 12. Bg3 N7f6 13. Ne5 Qb6 14. Qe2 Nxc3 15. bxc3 c5 16. Rb1 Ne4 17. Rxb6 1-0

[Event "BI-2010-F-00012"]
[Site "LSS email"]
[Date "2011.02.21"]
[Round "?"]
[White "Ziljbershtejn, Dmitrij"]
[Black "Turoczi, Peter"]
[Result "1-0"]
[WhiteElo "1779"]
[BlackElo "1400"]
[PlyCount "77"]
[EventDate "2011.02.24"]
[EventType "tourn (corr)"]
[EventRounds "10"]
[EventCountry "GER"]
[SourceTitle "Telechess CBM 151"]
[Source "ChessBase"]
[SourceDate "2012.11.13"]
[SourceVersion "1"]
[SourceVersionDate "2012.11.13"]
[SourceQuality "1"]

1. d4 d5 2. c4 c6 3. Nf3 Nf6 4. Nc3 dxc4 5. a4 Bf5 6. Ne5 e6 7. f3 Bb4 8. e4 Bxe4 9. fxe4 Nxe4 10. Bd2 Qxd4 11. Nxe4 Qxe4+ 12. Qe2 Bxd2+ 13. Kxd2 Qd5+ 14. Kc2 Na6 15. Nxc4 0-0 16. Qe5 Rfd8 17. Be2 f6 18. Qxd5 cxd5 19. Na5 Rdc8+ 20. Kb1 Nc5 21. Rc1 Kf8 22. Ra3 Ne4 23. Rxc8+ Rxc8 24. Nxb7 Rc7 25. Na5 e5 26. Rd3 d4 27. Rd1 Ke7 28. Bf3 Ng5 29. Rc1 Rxc1+ 30. Kxc1 Kd6 31. Nb7+ Ke6 32. Bd1 Ne4 33. Bb3+ Kf5 34. Bc2 Kf4 35. Kd1 Ng5 36. Nd8 Ke3 37. h4 Ne4 38. Bxe4 Kxe4 39. Nc6 1-0

[Event "LSS No Engine Cup 27 Preliminary 4"]
[Site "LSS email"]
[Date "2010.08.30"]
[Round "?"]
[White "Bester, Kazimierz"]
[Black "Ziljbershtejn, Dmitrij"]
[Result "0-1"]
[WhiteElo "709"]
[BlackElo "1329"]
[PlyCount "61"]
[EventDate "2010.08.31"]
[EventType "tourn (corr)"]
[EventRounds "6"]
[EventCountry "GER"]
[SourceTitle "Telechess CBM 143"]
[Source "ChessBase"]
[SourceDate "2011.07.15"]
[SourceVersion "1"]
[SourceVersionDate "2011.07.15"]
[SourceQuality "1"]

1. f4 e6 2. Nf3 d5 3. e3 Be7 4. Be2 Bh4+ 5. g3 Be7 6. 0-0 c5 7. c3 Nc6 8. d4 h5 9. Ne5 Nf6 10. Bb5 Bd7 11. Bd3 h4 12. g4 Nxe5 13. fxe5 Ne4 14. Bxe4 dxe4 15. Rf4 Bc6 16. Qf1 0-0 17. Qh3 Rc8 18. Nd2 Bg5 19. Rf1 cxd4 20. cxd4 Bd5 21. b3 Rc2 22. Rf2 Qa5 23. a3 Qc3 24. Rb1 Rxc1+ 25. Rxc1 Qxc1+ 26. Kg2 Qxa3 27. Nc4 Qxb3 28. Nd6 Qxe3 29. Qxe3 Bxe3 30. Rb2 Bxd4 31. Kh3 0-1

[Event "LSS No Engine Cup 27 Preliminary 4"]
[Site "LSS email"]
[Date "2010.08.30"]
[Round "?"]
[White "Ziljbershtejn, Dmitrij"]
[Black "Schnoewitz, Brigitte"]
[Result "1-0"]
[WhiteElo "1394"]
[BlackElo "1172"]
[PlyCount "129"]
[EventDate "2010.08.31"]
[EventType "tourn (corr)"]
[EventRounds "6"]
[EventCountry "GER"]
[SourceTitle "Telechess CBM 143"]
[Source "ChessBase"]
[SourceDate "2011.07.15"]
[SourceVersion "1"]
[SourceVersionDate "2011.07.15"]
[SourceQuality "1"]

1. d4 d5 2. Nf3 Nf6 3. c4 c6 4. Nc3 e6 5. Bg5 Be7 6. e3 0-0 7. Qc2 h6 8. h4 Nbd7 9. Bd3 a6 10. c5 b6 11. cxb6 Qxb6 12. Rc1 Bb7 13. Bf4 c5 14. 0-0 Rac8 15. Na4 Qa7 16. Nxc5 Nxc5 17. dxc5 Bxc5 18. Qe2 a5 19. Rfd1 Qb6 20. Rc2 d4 21. Nxd4 Rfe8 22. Nb3 Bb4 23. Be5 Rxc2 24. Qxc2 Nd5 25. Bd4 Qd8 26. Bb5 Re7 27. e4 Rc7 28. Qe2 Qxh4 29. exd5 Bxd5 30. Be5 Rc8 31. Rd4 Qe7 32. Bxg7 Kxg7 33. Rxd5 exd5 34. Qg4+ Kf6 35. Qxc8 Qe1+ 36. Kh2 Bd6+ 37. g3 Qxf2+ 38. Kh1 Qf3+ 39. Kg1 Qxg3+ 40. Kf1 Qf3+ 41. Kg1 Qg3+ 42. Kf1 Qf4+ 43. Ke2 Kg7 44. Qc3+ Be5 45. Qf3 Qh2+ 46. Ke3 d4+ 47. Ke4 Bf6 48. Be2 Qe5+ 49. Kd3 Qb5+ 50. Kc2 Qb6 51. Qg4+ Kf8 52. Qc8+ Kg7 53. Qc5 Qe6 54. Bd3 Qe3 55. Qxa5 Qf3 56. Nd2 Qc6+ 57. Nc4 Qg2+ 58. Qd2 Qg4 59. a4 Bg5 60. Qe2 Qd7 61. a5 Qa4+ 62. Kb1 Kf8 63. Nd6 Qd7 64. Qe5 Be3 65. Nf5 1-0

[Event "LSS No Engine Cup 21 Preliminary 4"]
[Site "LSS email"]
[Date "2010.05.03"]
[Round "?"]
[White "Ziljbershtejn, Dmitrij"]
[Black "Morcin, Tom"]
[Result "1/2-1/2"]
[WhiteElo "1258"]
[BlackElo "1725"]
[PlyCount "51"]
[EventDate "2010.05.04"]
[EventType "tourn (corr)"]
[EventRounds "6"]
[EventCountry "GER"]
[SourceTitle "Telechess CBM 141"]
[Source "ChessBase"]
[SourceDate "2011.03.17"]
[SourceVersion "1"]
[SourceVersionDate "2011.03.17"]
[SourceQuality "1"]

1. d4 d5 2. c4 e6 3. Nc3 Nf6 4. Bg5 Be7 5. Nf3 h6 6. Bxf6 Bxf6 7. e3 0-0 8. Rc1 c6 9. Be2 Nd7 10. 0-0 dxc4 11. Bxc4 e5 12. h3 exd4 13. exd4 Nb6 14. Bb3 Bf5 15. Ne5 Bxe5 16. dxe5 Qe7 17. Re1 Rad8 18. Qf3 Be6 19. Bc2 Qb4 20. Qe4 Qxe4 21. Nxe4 Rd4 22. b3 Nd7 23. Rcd1 Rxd1 24. Bxd1 Nxe5 25. Nc5 Rd8 26. Nxb7 1/2-1/2

[Event "OP-2010-0-01133"]
[Site "LSS email"]
[Date "2010.04.20"]
[Round "?"]
[White "Babos, Istvan"]
[Black "Ziljbershtejn, Dmitrij"]
[Result "1/2-1/2"]
[WhiteElo "1042"]
[BlackElo "1459"]
[PlyCount "67"]
[EventDate "2010.04.06"]
[EventType "tourn (corr)"]
[EventRounds "4"]
[EventCountry "GER"]
[SourceTitle "Telechess CBM 147"]
[Source "ChessBase"]
[SourceDate "2012.03.16"]
[SourceVersion "1"]
[SourceVersionDate "2012.03.16"]
[SourceQuality "1"]

1. d4 Nf6 2. Nc3 d5 3. Bf4 Bf5 4. Nf3 e6 5. Nh4 Nh5 6. Nxf5 Nxf4 7. e3 Ng6 8. Ng3 c5 9. Bb5+ Nc6 10. 0-0 Bd6 11. e4 cxd4 12. exd5 dxc3 13. dxc6 0-0 14. cxb7 Rb8 15. bxc3 Rxb7 16. c4 Rb8 17. Rb1 Qb6 18. Ne4 Be7 19. Rb3 a6 20. c5 Qa7 21. Bc4 Bxc5 22. Qe2 a5 23. Rd1 Be7 24. Nc3 Rfd8 25. Rxd8+ Rxd8 26. g3 Qd4 27. Qe4 Bb4 28. Qxd4 Rxd4 29. Bd3 Ne5 30. Nb5 Rd5 31. Nc7 Rd7 32. Na6 Nxd3 33. cxd3 Bf8 34. Kg2 1/2-1/2

[Event "OP-2010-0-01133"]
[Site "LSS email"]
[Date "2010.04.12"]
[Round "?"]
[White "Bogric, Robert"]
[Black "Ziljbershtejn, Dmitrij"]
[Result "0-1"]
[WhiteElo "869"]
[BlackElo "1459"]
[PlyCount "56"]
[EventDate "2010.04.06"]
[EventType "tourn (corr)"]
[EventRounds "4"]
[EventCountry "GER"]
[SourceTitle "Telechess CBM 147"]
[Source "ChessBase"]
[SourceDate "2012.03.16"]
[SourceVersion "1"]
[SourceVersionDate "2012.03.16"]
[SourceQuality "1"]

1. d4 d5 2. Nf3 Nf6 3. c4 c6 4. a4 g6 5. Bf4 Bg7 6. Nc3 0-0 7. e3 Qa5 8. Bd3 dxc4 9. Bxc4 Ne4 10. 0-0 Nxc3 11. Qd2 Nd7 12. bxc3 Nb6 13. Bb3 Bf5 14. Rfe1 Rad8 15. h3 e5 16. Bg3 e4 17. Nh2 c5 18. Red1 c4 19. Bc2 Nd5 20. Ra3 Rd7 21. Rb1 a6 22. f3 Re8 23. fxe4 Bxe4 24. Bxe4 Rxe4 25. Bf2 Bf8 26. Raa1 Qxc3 27. Qxc3 Nxc3 28. Rb4 Bxb4 0-1

[Event "ZL-2010-0-00692"]
[Site "LSS email"]
[Date "2010.04.10"]
[Round "?"]
[White "Teverovski, Bogoljub"]
[Black "Ziljbershtejn, Dmitrij"]
[Result "1-0"]
[WhiteElo "1393"]
[BlackElo "1286"]
[PlyCount "127"]
[EventDate "2010.04.01"]
[EventType "match (corr)"]
[EventRounds "2"]
[EventCountry "GER"]
[SourceTitle "Telechess CBM 141"]
[Source "ChessBase"]
[SourceDate "2011.03.17"]
[SourceVersion "1"]
[SourceVersionDate "2011.03.17"]
[SourceQuality "1"]

1. e4 e6 2. d4 d5 3. Nc3 Nf6 4. Bg5 Bb4 5. e5 h6 6. Bd2 Bxc3 7. bxc3 Ne4 8. Qg4 g6 9. Bd3 Nxd2 10. Kxd2 c5 11. Nf3 Nc6 12. Qf4 Qa5 13. Rhb1 cxd4 14. Nxd4 Nxd4 15. Qxd4 Qc7 16. a4 Bd7 17. a5 0-0 18. f4 Kg7 19. Ke2 Rfd8 20. Rb3 Bc6 21. g4 Rh8 22. f5 exf5 23. gxf5 Rhe8 24. e6+ Kg8 25. Rf1 g5 26. h4 fxe6 27. f6 e5 28. Qg1 e4 29. f7+ Kh7 30. hxg5 exd3+ 31. Kxd3 Re6 32. f8Q Rxf8 33. Rxf8 Qg7 34. Qf2 Qg6+ 35. Kd2 Qxg5+ 36. Kd1 a6 37. Rf5 Qg4+ 38. Kc1 Rg6 39. Rf4 Qg1+ 40. Kb2 Qxf2 41. Rxf2 h5 42. Rb4 Re6 43. Kc1 Kh6 44. Kd2 Rg6 45. Rbf4 Bd7 46. Rf8 Rg4 47. Rh8+ Kg5 48. Rf7 Bc6 49. Rg8+ Kh4 50. Rgg7 Re4 51. Rf5 Rg4 52. Rh7 Rg5 53. Rf1 Rg2+ 54. Kc1 Be8 55. Rxb7 Bg6 56. Rf6 Be4 57. Rxa6 Rxc2+ 58. Kd1 Ra2 59. Rg7 Kh3 60. Ke1 Bg2 61. Rag6 h4 62. a6 Kh2 63. Rxg2+ Rxg2 64. Rxg2+ 1-0

[Event "LSS No Engine Cup 18 Preliminary 5"]
[Site "LSS email"]
[Date "2010.03.05"]
[Round "?"]
[White "Raines, David T"]
[Black "Ziljbershtejn, Dmitrij"]
[Result "0-1"]
[WhiteElo "1131"]
[BlackElo "1222"]
[PlyCount "90"]
[EventDate "2010.03.06"]
[EventType "tourn (corr)"]
[EventRounds "6"]
[EventCountry "GER"]
[SourceTitle "Corr 2013"]
[Source "ChessBase"]
[SourceDate "2012.11.12"]
[SourceVersion "1"]
[SourceVersionDate "2012.11.12"]
[SourceQuality "1"]

1. Nf3 d5 2. d4 c6 3. g3 Nf6 4. Bg2 Bg4 5. 0-0 Nbd7 6. Nbd2 h6 7. c4 e6 8. Re1 Bb4 9. a3 Bxd2 10. Bxd2 dxc4 11. Qc2 Bxf3 12. Bxf3 Nb6 13. e3 0-0 14. Rab1 Ne8 15. Ba5 Qf6 16. Be2 Nd6 17. Bb4 Rfd8 18. Rbd1 Qf5 19. Qxf5 Nxf5 20. Rc1 a5 21. Bc3 Nd6 22. Bf3 Na4 23. Bd1 Nxc3 24. Rxc3 a4 25. Bf3 g6 26. Be2 b5 27. Bf3 Rac8 28. Rd1 f5 29. h3 Kg7 30. Kf1 Ne4 31. Bxe4 fxe4 32. Ke2 Rf8 33. Rf1 Rf3 34. Rcc1 Kf6 35. Rh1 Rf8 36. Rh2 Ke7 37. Rd1 Kd6 38. Rd2 e5 39. dxe5+ Kxe5 40. Rd4 R3f7 41. Rg2 c5 42. Rd2 b4 43. Rc2 Kd5 44. Kd1 c3 45. bxc3 bxc3 0-1

[Event "LSS No Engine Cup 18 Preliminary 5"]
[Site "LSS email"]
[Date "2010.03.05"]
[Round "?"]
[White "Ziljbershtejn, Dmitrij"]
[Black "Endean, Andrew"]
[Result "1/2-1/2"]
[WhiteElo "800"]
[BlackElo "1711"]
[PlyCount "44"]
[EventDate "2010.03.06"]
[EventType "tourn (corr)"]
[EventRounds "6"]
[EventCountry "GER"]
[SourceTitle "Corr 2013"]
[Source "ChessBase"]
[SourceDate "2012.11.12"]
[SourceVersion "1"]
[SourceVersionDate "2012.11.12"]
[SourceQuality "1"]

1. d4 d5 2. c4 e6 3. Nc3 Nf6 4. Nf3 c6 5. Bg5 Nbd7 6. cxd5 exd5 7. e3 Be7 8. Qc2 0-0 9. Bd3 Re8 10. 0-0 Nf8 11. h3 Ne4 12. Bf4 Nf6 13. a3 Bd6 14. Bxd6 Qxd6 15. Rac1 Be6 16. b4 a6 17. Rfd1 h6 18. Ne2 N6d7 19. Qc3 Nf6 20. Qc5 Qc7 21. Qc2 Qd6 22. Qc5 Qc7 1/2-1/2

[Event "LSS No Engine Cup 16 Preliminary 1"]
[Site "LSS email"]
[Date "2010.02.07"]
[Round "?"]
[White "Ziljbershtejn, Dmitrij"]
[Black "Jenneborg, Seved"]
[Result "1/2-1/2"]
[WhiteElo "800"]
[BlackElo "1561"]
[PlyCount "49"]
[EventDate "2010.02.08"]
[EventType "tourn (corr)"]
[EventRounds "6"]
[EventCountry "GER"]
[SourceTitle "Corr 2013"]
[Source "ChessBase"]
[SourceDate "2012.11.12"]
[SourceVersion "1"]
[SourceVersionDate "2012.11.12"]
[SourceQuality "1"]

1. d4 Nf6 2. c4 e6 3. Nc3 Bb4 4. e3 0-0 5. Nf3 c5 6. a3 Bxc3+ 7. bxc3 d6 8. Bd3 Nc6 9. 0-0 e5 10. d5 e4 11. dxc6 exd3 12. Qxd3 bxc6 13. e4 Ba6 14. Bg5 h6 15. Bh4 g5 16. Bg3 d5 17. exd5 cxd5 18. Ne5 Ne4 19. Rfe1 Rc8 20. Rad1 Qa5 21. Qxd5 Nxc3 22. Nc6 Rxc6 23. Qxc6 Nxd1 24. Rxd1 Qb6 25. Qxb6 1/2-1/2